| 000 | 00723cab a2200205 4500 | ||
|---|---|---|---|
| 001 | ABS43852 | ||
| 008 | 090401t1990 xxu||||| |||| 00| 0 eng d | ||
| 035 | _a(Sirsi) u43816 | ||
| 041 | _aeng | ||
| 100 | _aWebster, B. | ||
| 245 | _aFirst unitary development plan inquiry | ||
| 260 | _c1990 | ||
| 350 | _a0 | ||
| 490 |
_aEstates Gazette _v(9050) 15 December 1990, 26-56 (2) |
||
| 520 | _aTo comply with the Town and Country Planning 1990 , metropolitan and local planning authorities must prepare a Unitary Development Plan and this article reports on Barnet LBC `s experience at the first UDP public inquiry . | ||
| 690 | _aPLANNING LAW AND PRACTICE | ||
| 700 | _aLavers, A. | ||
| 942 | _n0 | ||
| 948 | _c04/03/1997 | ||
| 999 |
_c27927 _d27927 |
||